Taxation of overseas income and gains (Record no. 19944)

000 -CABECERA
campo de control de longitud fija 00619nam#a2200229#c#4500
003 - IDENTIFICADOR DEL NÚMERO DE CONTROL
campo de control IEF
005 - FECHA Y HORA DE LA ÚLTIMA TRANSACCIÓN
campo de control 20180219151944.0
008 - CÓDIGOS DE INFORMACIÓN DE LONGITUD FIJA
campo de control de longitud fija 950907s1979 uuu####fr####| 0||u| |u
040 ## - FUENTE DE LA CATALOGACIÓN
Centro catalogador de origen IEF
100 1# - PUNTO DE ACCESO PRINCIPAL - NOMBRE DE PERSONA
Nombre de persona Sumption, Anthony
9 (RLIN) 42726
245 ## - MENCIÓN DE TÍTULO
Título Taxation of overseas income and gains
250 ## - MENCIÓN DE EDICIÓN
Mención de edición 3rd. ed.
260 ## - PUBLICACIÓN, DISTRIBUCIÓN, ETC. (PIE DE IMPRENTA)
Lugar de publicación distribución etc. London
Nombre del editor distribuidor etc. Butterworths
Fecha de publicación distribución etc. 1979
300 ## - DESCRIPCIÓN FÍSICA
Extensión XVI, 191 p.
Dimensiones 21 cm.
500 ## - NOTA GENERAL
Nota general Contiene índices
650 #4 - PUNTO DE ACCESO ADICIONAL DE MATERIA--TÉRMINO DE MATERIA
Término de materia o nombre geográfico como elemento inicial IMPUESTO SOBRE LA RENTA DE LAS PERSONAS FISICAS
9 (RLIN) 50199
650 #4 - PUNTO DE ACCESO ADICIONAL DE MATERIA--TÉRMINO DE MATERIA
Término de materia o nombre geográfico como elemento inicial REINO UNIDO
9 (RLIN) 48241
650 #4 - PUNTO DE ACCESO ADICIONAL DE MATERIA--TÉRMINO DE MATERIA
Término de materia o nombre geográfico como elemento inicial RENTAS EXTRANJERAS
9 (RLIN) 48268
942 ## - ELEMENTOS DE PUNTO DE ACCESO ADICIONAL (KOHA)
Tipo de ítem Koha Libros
942 ## - ELEMENTOS DE PUNTO DE ACCESO ADICIONAL (KOHA)
-- 78936
Holdings
Estado de retiro Estado de pérdida Estado dañado No para préstamo Localización permanente Fecha de adquisición Signatura topográfica completa Código de barras Fecha visto por última vez Precio válido a partir de Tipo de ítem Koha
      Disponible para préstamo IEF 1995-09-07 30170 30170 2018-02-19 2018-02-19 Libros

Powered by Koha